000 00488cam a2200193ua 4500
001 2750
008 110907n ii |||gr||||Z||||||asm
020 _a81-7331-076-9
040 _cMAIN
082 _a891.4512
100 1 _aBarua, Satya Prasad,
_eAuthor.
245 1 1 _aAdhunik natya cinta
_cby Satya Prasad Barua
250 _a1st.
260 _aGuahati:
_bLawyers book stall,994.
300 _a226p:
_c23cm.
653 _aAssamese drama
653 _aAdhunik natya cinta
942 _cBK
999 _c2599
_d2599